Pokémon - Charade #2 - Statistiques

Statistiques générales
  • Ce quiz a été pris 76 fois
  • Le résultat moyen est 3 sur 10
Statistiques - réponses
Indice Pokémon Réponse % Correct
Mon premier est un préfixe représentant 100. On mange sur mon deuxième si on ne prend pas à emporter. Mon troisième soutient les voiles d'un bateau. Ectoplasma Hecto Place Mât
63%
Mon premier est inutile s'il est en troisième position sur un carosse. Mon second protège l'œil de la transpiration. Roussil Roue Cil
54%
Mon premier supporte des balles de golf. Mon deuxième est un rongeur. Mon troisième est de chêne à 80 ans. Mon quatrième est une espèce de conifère. Tyranocif Tee Rat Noces If
39%
Les trains s'arrêtent dans mon premier. Mon deuxième est le nombre de pays commençant par un U. On utilise mon troisième pour parler. Mon quatrième est un film de A. Chabat se passant à l'âge de pierre. Gardevoir Gare Deux Voix RRRrrrr!!!
37%
On saute par dessus mon premier lors d'une course d'athlétisme. Mon deuxième est échéant si la situation se présente. Mon troisième a gagné ou perdu un ou plusieurs électrons. Écayon Haie Cas Ion
33%
Mon premier peut être consommé plate ou gazeuse. Mon second peut être de forme lorsqu'il est posé sur la tête. Ho-Oh Eau Haut
33%
Mon premier se met sur le lit. Mon second enveloppe des graines de légumineuses. Drackhaus Drap Cosse
26%
Mon premier n'est pas haut. Mon deuxième est une danse qui vient des Antilles. Mon troisième est renouvelé en janvier. Bazoucan Bas Zouk An
23%
On dit mon premier pour montrer une incompréhension. Mon deuxième peut être d'arrêt, d'ajut ou de boucle. Mon troisième est parfois appelé "steak de la mer". Couaneton Quoi ? Nœud Thon
12%
Mon premier est un point délicat. Mon second a un mur à 340m/s. Ixon Hic Son
4%
Aucun quiz correspondant
Distribution des résultats
% des personnes avec chaque résultat
Percentile par nombre de réponses
Votre historique - résultats
Vous n’avez pas pris ce quiz